| 000 | 01310cab a2200205 4500 | ||
|---|---|---|---|
| 001 | ##L131677 | ||
| 008 | 051129n2005 000 0 eng u | ||
| 035 | _a(Sirsi) u131677 | ||
| 041 | 0 | _aeng | |
| 100 | 1 | _aYule, Ian | |
| 245 | 0 | 0 | _aEvents, dear boy |
| 260 | _c2005 | ||
| 490 | 0 |
_aBuilding _v270(8407) 18 November 2005, 70(1) |
|
| 520 | _aWarns employers that in the New Engineering Contract (Third Edition) enables a contractor to claim any event that could not have been prevented by the parties or been so unlikely that it would have been unreasonable to have been allowed for as a compensation event. This would give the contractor additional money and an extension of time following a subcontractor insolvency or unexpected shortage of materials or labour. Employer interference in key project dates can also give rise to a compensation event whilst employers' interim payment obligations are increased in the new target cost option. | ||
| 650 | 2 | 4 | _aNEW ENGINEERING CONTRACT (THIRD EDITION) |
| 650 | 2 | 4 | _aNEC ENGINEERING AND CONSTRUCTION CONTRACT: OPTION C (THIRD EDITION) |
| 650 | 2 | 4 | _aNEC ENGINEERING AND CONSTRUCTION CONTRACT: OPTION D (THIRD EDITION) |
| 690 | _aBUILT ENVIRONMENT-BUILDING CONTRACT FORMS-STANDARD FORMS OF BUILDING CONTRACT-NEW ENGINEERING CONTRACT CONTRACTS | ||
| 942 | _n0 | ||
| 999 |
_c76239 _d76239 |
||